000 01516cam a2200277 a 4500
020 _a0812237412
020 _a9780812237412
020 _a9780812221619
020 _a0812221613
040 _cDLC
082 0 0 _a808 UNI 2003 C158 Or.
245 0 0 _aPublic discourse in America :
_bconversation and community in the twenty-first century /
260 _aPhiladelphia :
_bUniversity of Pennsylvania Press,
_cc2003.
300 _axv, 318 p. ;
_c24 cm.
520 1 _a"Public Discourse in America originated in the work of the Penn National Commission on Society, Culture and Community, convened in 1996 by Judith Rodin, President of the University of Pennsylvania. Distinguished members of the Commission, leading experts, commissioned researchers, and leaders in America's nascent public discourse movement offer unexpected insights and an optimistic vision of the health of our politics and culture. Readers - of all political persuasions - from the halls of political power to the streets of urban neighborhood, from newsrooms and studios to think tanks and universities, will find these essays opening up new paths to robust public discussion, more engaged citizenship, and stronger communities."--BOOK JACKET.
650 0 _aPolitical culture
650 0 _aRhetoric
650 0 _aConversation
650 0 _aPolitical participation
650 0 _aCivil society
650 0 _aPopular culture
650 0 _aRhetoric
700 1 _aRodin, Judith.
700 1 _aSteinberg, Stephen P.
942 _cAEDBB
999 _c19028
_d19028